| 000 | 00402nam a2200145 i 4500 | ||
|---|---|---|---|
| 001 | 78732 | ||
| 003 | ES-MaACL | ||
| 007 | t| | ||
| 008 | 041015s1919 xxk ||||1| eng d | ||
| 100 | 1 |
_aHawtrey, R. G. _962178 |
|
| 245 | 1 | 0 |
_aCurrency and credit / _cby R.G. Hawtrey. |
| 260 |
_a[S.l. : _bs.n., _c1919] ( _eAberdeen : _fUniversity Press) |
||
| 300 |
_aVI, 393 p. ; _c23 cm. |
||
| 852 |
_aES-MaACL _jB-5623 |
||
| 999 |
_c78732 _d78732 |
||